01694nam a22002177a 450000500170000000800410001702000150005804000070007304100120008008200210009210000240011324500180013726000360015530000300019152010590022165000320128070000260131294200120133899900190135095201070136920220518114941.0220518b ||||| |||| 00| 0 eng d a0440225701 cAL aEnglish 223a813.54bGRIS aJohn Grisham937769 aStreet Lawyer aNew YorkbDell Publishingc1998 a452 p.bPBc17.5x10.5 cm. aHe gave up the money. He gave up the power. Now all he has left is the law. Michael Brock is billing the hours, making the money, rushing relentlessly to the top of Drake & Sweeney, a giant D.C. law firm. One step away from partnership, Michael has it all. Then, in an instant, it all comes undone. A homeless man takes nine lawyers hostage in the firm's plush offices. When it is all over, the man's blood is splattered on Michael's face--and suddenly Michael is willing to do the unthinkable. Rediscovering a conscience he lost long ago, Michael is leaving the big time for the streets where his attacker once lived--and where society's powerless need an advocate for justice. But there's one break Michael can't make: from a secret that has floated up from the depths of Drake & Sweeney, from a confidential file that is now in Michael's hands, and from a conspiracy that has already taken lives. Now Michael's former partners are about to become his bitter enemies. Because to them, Michael Brock is the most dangerous man on the streets.... aWashington --Fiction937770 aGRISHAM (John)937771 2ddccGF c222986d222986 00102ddc40708ENGaALbALd2013-03-24l0o813.54 GRISpGF02377r2022-05-18 00:00:00w2022-05-18yGF